Vista normal
Vista MARC
Entrada Topical Term
Número de registros utilizados en: 1
001 - CONTROL NUMBER
- control field: 41258
003 - CONTROL NUMBER IDENTIFIER
- control field: OSt
005 - DATE AND TIME OF LATEST TRANSACTION
- control field: 20211022125626.0
008 - FIXED-LENGTH DATA ELEMENTS
- fixed length control field: 211022|| aca||aabn | a|a d
040 ## - CATALOGING SOURCE
- Original cataloging agency: OSt
- Transcribing agency: OSt
150 ## - HEADING--TOPICAL TERM
- Topical term or geographic name entry element: Planificación regional
- Geographic subdivision: Estados Unidos
670 ## - SOURCE DATA FOUND
- Source citation: Work cat.: (OSt)8639: Green Leigh, Nancey, 17855 autora, Planning local economic development : , ©2013